Every PVZ Plant - Statistics

General Stats
  • This quiz has been taken 1,083 times
    1,023 since last reset
  • The average score is 41 of 56
Answer Stats
Plant % Correct
Peashooter
99%
Sunflower
99%
Wall-nut
97%
Cherry Bomb
94%
Potato Mine
94%
Repeater
93%
Chomper
91%
Puff-shroom
91%
Doom-shroom
90%
Snow Pea
90%
Lily Pad
89%
Sun-shroom
89%
Tall-nut
88%
Cabbage-pult
86%
Ice-shroom
86%
Fume-shroom
85%
Threepeater
84%
Melon-pult
83%
Kernel Pult
82%
Scaredy-shroom
82%
Grave Buster
81%
Hypno-shroom
81%
Squash
81%
Twin Sunflower
81%
Magnet-shroom
80%
Spikeweed
80%
Cactus
79%
Gatling Pea
79%
Jalapeno
79%
Sea-shroom
78%
Blover
77%
Plantern
77%
Cattail
76%
Marigold
76%
Torchwood
76%
Pumpkin
75%
Flower Pot
74%
Tangle Kelp
74%
Coffee Bean
72%
Cob Cannon
71%
Starfruit
70%
Winter Melon
70%
Spikerock
69%
Gloom-shroom
68%
Split Pea
67%
Garlic
64%
Gold Magnet
62%
Umbrella leaf
61%
Imitater
58%
Explode-o-nut
32%
Sprout
26%
Giant Wall-nut
24%
Tree of Wisdom
24%
Reverse Repeater
19%
Giant Sunflower
16%
Giant Marigold
15%
No matching quizzes found
Score Distribution
Percent of People with Each Score
Percentile by Number Answered
Your Score History
You have not taken this quiz since the last reset